Pays où l'on peut boire l'eau du robinet - Statistiques

Statistiques générales
  • Ce quiz a été pris 84 fois
    51 depuis la dernière actualisation
  • Le résultat moyen est 25 sur 37
Statistiques - réponses
Europe % Correct
France
98%
Allemagne
93%
Australie
88%
Etats-Unis
88%
Japon
88%
Chine (Hong-Kong)
85%
Norvege
85%
Belgique
83%
Danemark
83%
Royaume-uni
83%
Suède
83%
Suisse
83%
Canada
80%
Finlande
80%
Pays-bas
80%
Autriche
78%
Nouvelle zelande
78%
Corée du sud
76%
Croatie
76%
Estonie
71%
Hongrie
71%
Pologne
71%
Irlande
68%
Lettonie
68%
Lituanie
63%
Luxembourg
61%
République tchèque
61%
Islande
59%
Slovenie
56%
Slovaquie
54%
Singapour
44%
Arabie saoudite
37%
Chili
32%
Costa Rica
29%
Israël
27%
Brunei
10%
Emirats arabe unis
2%
Aucun quiz correspondant
Distribution des résultats
% des personnes avec chaque résultat
Percentile par nombre de réponses
Votre historique - résultats
Vous n’avez pas pris ce quiz depuis la dernière actualisation